Central Library OPAC University of Rajshahi

The personal principle : (Record no. 77021)

MARC details
000 -LEADER
fixed length control field 00913nam a22002772 4500
001 - CONTROL NUMBER
control field 77021
003 - CONTROL NUMBER IDENTIFIER
rucl marc code BD-RjUL
005 - DATE AND TIME OF LATEST TRANSACTION
control field 20211209082922.0
008 - FIXED-LENGTH DATA ELEMENTS--GENERAL INFORMATION
fixed length control field 200216s1944 enk 000 0 eng
035 ## - SYSTEM CONTROL NUMBER
System control number OCLC ocm02422768 from D961007M
System control number (BD-RjUL)77245
040 ## - CATALOGING SOURCE
Original cataloging agency DLC
Transcribing agency WHE
Modifying agency EQO
-- BD-RjUL
Language of cataloging eng
041 ## - LANGUAGE CODE
Language code of text/sound track or separate title eng
082 ## - DEWEY DECIMAL CLASSIFICATION NUMBER
Edition number 23
Classification number 821.9109
Author mark and year SAP 1944
100 1# - MAIN ENTRY--PERSONAL NAME
Personal name Savage, D. S.
Fuller form of name (Derek S.)
9 (RLIN) 239383
245 14 - TITLE STATEMENT
Title The personal principle :
Remainder of title studies in modern poetry /
Statement of responsibility, etc. D. S. Savage.
260 ## - PUBLICATION, DISTRIBUTION, ETC. (IMPRINT)
Place of publication, distribution, etc. London :
Name of publisher, distributor, etc. Routledge,
Date of publication, distribution, etc. 1944.
300 ## - PHYSICAL DESCRIPTION
Pagination viii, 196 p. ;
Size 19 cm.
504 ## - BIBLIOGRAPHY, ETC. NOTE
Bibliography, etc Bibliographical references included in "Notes" (p. 190-192)
650 #0 - SUBJECT ADDED ENTRY--TOPICAL TERM
Topical term or geographic name as entry element Poetry.
9 (RLIN) 239384
Topical term or geographic name as entry element American poetry
Chronological subdivision 20th century
General subdivision History and criticism.
9 (RLIN) 239385
Topical term or geographic name as entry element English poetry
Chronological subdivision 20th century
General subdivision History and criticism.
9 (RLIN) 239386
942 ## - ADDED ENTRY ELEMENTS (KOHA)
Source of classification or shelving scheme Dewey Decimal Classification
Koha item type Books
Holdings
Lost status Source of classification or shelving scheme Damaged status Not for loan Collection code Permanent Location Current Location Shelving location Date acquired Total Checkouts Full call number Date last seen Copy number Koha item type
  Dewey Decimal Classification   Not For Loan Non-fiction Central Library, University of Rajshahi Central Library, University of Rajshahi Reading Room 16/02/2020   821.9109 SAP 1944 16/02/2020 C-1 Books